00619nam a2200193Ia 4500008004100000020001400041082001200055100002000067245003900087250000700126260003900133300003000172500001900202600003300221650001500254942000700269952013400276999001500410240925s9999 xx 000 0 und d a192829599 a827 CAX aCaxton, William 4aThe Oxford Book of Humarous Prose  aNA aOxford:bOxford Universityc,1992. axviii,617p.bNAfOriginal aIncludes Index aHumanities & Natural Science aLiterature cBK 001040708HUMaUITUbUITUd1995-05-29eOxford University Press g300.00l0o827 CAXpQ0345r2024-09-25 07:12:03w2024-09-25yBK c2844d2844